<?xml version="1.0" encoding="UTF-8"?><?xml-stylesheet type="text/xsl" href="static/style.xsl"?><OAI-PMH xmlns="http://www.openarchives.org/OAI/2.0/" xmlns:xsi="http://www.w3.org/2001/XMLSchema-instance" xsi:schemaLocation="http://www.openarchives.org/OAI/2.0/ http://www.openarchives.org/OAI/2.0/OAI-PMH.xsd"><responseDate>2026-06-01T23:34:42Z</responseDate><request verb="GetRecord" identifier="oai:riuma.uma.es:10630/11236" metadataPrefix="marc">https://riuma.uma.es/rest/oai/request</request><GetRecord><record><header><identifier>oai:riuma.uma.es:10630/11236</identifier><datestamp>2026-02-03T12:21:40Z</datestamp><setSpec>com_10630_2254</setSpec><setSpec>col_10630_37959</setSpec></header><metadata><record xmlns="http://www.loc.gov/MARC21/slim" xmlns:dcterms="http://purl.org/dc/terms/" xmlns:doc="http://www.lyncode.com/xoai" xmlns:xsi="http://www.w3.org/2001/XMLSchema-instance" xsi:schemaLocation="http://www.loc.gov/MARC21/slim http://www.loc.gov/standards/marcxml/schema/MARC21slim.xsd">
   <leader>00925njm 22002777a 4500</leader>
   <datafield ind2=" " ind1=" " tag="042">
      <subfield code="a">dc</subfield>
   </datafield>
   <datafield ind2=" " ind1=" " tag="720">
      <subfield code="a">Palomera Martín, Raquel</subfield>
      <subfield code="e">author</subfield>
   </datafield>
   <datafield ind2=" " ind1=" " tag="260">
      <subfield code="c">2016</subfield>
   </datafield>
   <datafield ind2=" " ind1=" " tag="520">
      <subfield code="a">La conferencia reivindica la inclusión de las competencias emocionales como competencias básicas en la escolaridad obligatoria y en los objetivos de la formación inicial del profesorado que se está diseñando actualmente dentro del marco del Espacio Europeo de Educación Superior (EEES). Para ello, realizamos una revisión de las investigaciones más actuales en torno al papel fundamental que tienen las competencias emocionales y más concretamente la inteligencia emocional (IE; Mayer y Salovey, 1997) sobre el funcionamiento personal, social y académico de los alumnos, así como sobre la efectividad y bienestar del docente. Además, analizamos las múltiples funciones que la legislación educativa vigente demanda al maestro. De esta manera, por medio de la exposición de evidencias científicas sobre la validez predictiva de la inteligencia emocional y su relación con los objetivos educativos actuales, pretendemos demostrar la necesidad de desarrollar las competencias emocionales en los docentes con el fin de promover su bienestar y rendimiento laboral, así como el de sus futuros alumnos. Para ello, proponemos la formación inicial del profesorado como medio prioritario para dicho aprendizaje así como requisito para la posterior e inevitable formación permanente</subfield>
   </datafield>
   <datafield ind1="8" ind2=" " tag="024">
      <subfield code="a">http://hdl.handle.net/10630/11236</subfield>
   </datafield>
   <datafield tag="653" ind2=" " ind1=" ">
      <subfield code="a">Competencia en educación</subfield>
   </datafield>
   <datafield tag="653" ind2=" " ind1=" ">
      <subfield code="a">Inteligencia emocional</subfield>
   </datafield>
   <datafield ind2="0" ind1="0" tag="245">
      <subfield code="a">Inteligencia emocional y educación. Beneficios de la inteligencia emocional en la escuela</subfield>
   </datafield>
</record>
</metadata></record></GetRecord></OAI-PMH>